000 00719nam a2200265Ia 4500
003 OSt
005 20220918221124.0
006 a|||||r|||| 00| 0
007 ta
008 220917b |||||||| |||| 00| 0 eng d
024 _a148,356
037 _cTextual
040 _aARTS
_cARTS
_beng
041 _2eng
_aeng
082 _aS8(A), N4
100 _aShadish William R
_9139172
245 0 _aSocial psychology of science
260 _aNew York
_bGuilford Press
_c1994
300 _axv,432p.
_ccm.
500 _aIncludes Ref; Index
650 _aSOCIAL PSYCHOLOGY
700 _a Fuller Steve
_914901
942 _hS8(A), N4
_cTEXL
_2CC
999 _c271033
_d271033